Geografía de la república argentina /
Guardado en:
| Autor Principal: | |
|---|---|
| Otros Autores: | , , , , , |
| Formato: | Libro |
| Publicado: |
Buenos Aires :
Sm,
2012
|
| Series: | Conecta 2.0
|
| Materias: | |
| Etiquetas: |
Agregar Etiqueta
Sin Etiquetas, Sea el primero en etiquetar este registro!
|
| LEADER | 01351nam a22002895a 4500 | ||
|---|---|---|---|
| 001 | CEM.cems013696 | ||
| 008 | 130507s2012##################000#0#####d | ||
| 005 | 20241220104030.0 | ||
| 245 | 1 | 0 | |a Geografía de la república argentina / |c Silvia Gómez y Otros; dirección Editorial: Lidia Mazzalomo |
| 260 | |a Buenos Aires : |b Sm, |c 2012 | ||
| 300 | |a 288 p. | ||
| 490 | 0 | |a Conecta 2.0 | |
| 505 | 0 | |a El modelo agroexportador argentino -- Organización del territorio argentino -- El relive y la hidrografía -- Climas y diversidad biológica -- Los ambientes naturales -- Los recursos naturales -- Problemas ambientales -- La ctividad agropecuaria -- Circuitos productivos y economías regionales -- Producción de energía ey explotación minera -- Argentina y el mundo global -- Demografía -- Calidad de vida -- Urbanización y cambios en el espacio.- | |
| 020 | |a 9789875736931 | ||
| 100 | 1 | |a Gómez, Silvia | |
| 700 | 1 | |a Minaglia, Natalia | |
| 700 | 1 | |a Vallejo, Norma | |
| 700 | 1 | |a Arcioni, Angeles | |
| 700 | 1 | |a Delfini, Catalina | |
| 700 | 1 | |a Rima, Juan Carlos | |
| 700 | 1 | |a Ostrosky, Christian | |
| 082 | 0 | 4 | |a 918.2 |
| 653 | |a Geografía | ||
| 653 | |a Geografía argentina | ||
| 653 | |a Minería argentina | ||
| 859 | |a CEMS |b BIB. CEMS - 11 de abril |h 918.2 |i G585 |p 26404.12 |t Ej.1 | ||
| 859 | |a CEMS |b BIB. CEMS - 11 de abril |h 918.2 |i G585 |p 26406.12 |t Ej.3 | ||
